Saudi Pro League 2025/26 First XI - Statistics

General Stats
  • This quiz has been taken 48 times
  • The average score is 39 of 198
Answer Stats
Club Position Nationality Player % Correct
Al-Nassr FW Cristiano Ronaldo
92%
Al-Hilal FW Darwin Núñez
92%
Al-Ittihad FW Karim Benzema
84%
Al-Nassr AM Sadio Mané
84%
Al-Nassr AM João Félix
76%
Al-Ahli FW Ivan Toney
73%
Al-Hilal CB Kalidou Koulibaly
70%
Al-Nassr DM Marcelo Brozović
70%
Al-Ahli AM Riyad Mahrez
70%
Al-Hilal AM Sergej Milinković-Savić
70%
Al-Hilal RB João Cancelo
68%
Al-Ahli GK Edouard Mendy
65%
Al-Ahli DM Franck Kessié
65%
Al-Ittihad DM N'Golo Kanté
65%
Al-Hilal DM Rúben Neves
65%
Al-Hilal GK Yassine Bounou
59%
Al-Ittihad DM Fabinho
57%
Al-Hilal AM Salem Al-Dawsari
57%
Al-Qadsiah GK Koen Casteels
51%
Al-Nassr CB Mohamed Simakan
51%
Al-Nassr CB Iñigo Martínez
49%
NEOM SC RB Khalifah Al Dawsari
49%
Al-Nassr AM Kingsley Coman
49%
Al-Qadsiah FW Mateo Retegui
49%
Al-Ahli CB Merih Demiral
46%
Al-Hilal DM Nasser Al-Dawsari
46%
Al-Hilal AM Malcom
43%
Al-Ahli CB Roger Ibanez
43%
Al-Taawoun FW Roger Martínez
43%
NEOM SC FW Alexandre Lacazette
41%
Al-Shabab LW Yannick Carrasco
41%
Al-Qadsiah FW Julián Quiñones
38%
NEOM SC FW Saïd Benrahma
38%
Al-Ittihad AM Steven Bergwijn
38%
NEOM SC GK Marcin Bułka
35%
Al-Taawoun FW Musa Barrow
35%
Al-Ettifaq FW Georginio Wijnaldum
32%
Al-Shabab FW Abderrazak Hamdallah
30%
Al-Ittihad AM Houssem Aouar
30%
Al-Qadsiah CB Nacho
30%
Al-Qadsiah RW Nahitan Nández
30%
NEOM SC CB Ahmed Hegazi
27%
Al-Ettifaq CB Jack Hendry
27%
Al-Nassr DM Ângelo
24%
Al-Fayha CB Chris Smalling
24%
Al-Ittihad CB Danilo Pereira
24%
Al-Khaleej FW Joshua King
24%
Al-Ettifaq GK Marek Rodák
24%
Al-Ittihad LB Mario Mitaj
24%
Al-Ittihad AM Moussa Diaby
24%
NEOM SC CM Abdoulaye Doucouré
22%
Al-Ahli RB Ali Majrashi
22%
Al-Riyadh SC GK Milan Borjan
22%
Al-Ettifaq DM Mukhtar Ali
22%
Al-Ahli DM Enzo Millot
19%
Al-Fayha FW Fashion Sakala
19%
Al-Taawoun CM Abduleallah Hawsawi
16%
NEOM SC CM Amadou Koné
16%
Al-Ahli AM Firas Al-Buraikan
16%
Al-Hilal CB Hassan Al Tambakti
16%
Al-Ettifaq AM Khalid Al Ghannam
16%
Al-Khaleej FW Kostas Fortounis
16%
Al-Fateh FW Matías Vargas
16%
Al-Khaleej CM Murad Al Hawsawi
16%
NEOM SC LW Saïmon Bouabré
16%
Damac RB Sanousi Al Hawsawi
16%
Al-Shabab CB Wesley Hoedt
16%
Al-Hazem RB Abdulaziz Al Harbi
14%
Al-Nassr LB Aiman Yahya
14%
Al-Hazem GK Bruno Varela
14%
NEOM SC LB Faris Abdi
14%
Al-Shabab FW Haroune Camara
14%
Al-Riyadh SC LM Ibrahim Bayesh
14%
Damac DM Morlaye Sylla
14%
Al-Hilal LB Moteb Al-Harbi
14%
Al-Fateh AM Mourad Batna
14%
Al-Qadsiah CM Musab Al Juwayr
14%
Al Kholood Saudi Club LW Myziane Maolida
14%
Al-Nassr GK Nawaf Al Aqidi
14%
Al-Nassr RB Nawaf Boushal
14%
Al Kholood Saudi Club CB Norbert Gyömbér
14%
Al-Fayha GK Orlando Mosquera
14%
Al-Najma FW Romell Quioto
14%
Al-Riyadh SC CB Sergi
14%
Al-Fateh DM Sofiane Bendebka
14%
Al Kholood Saudi Club LB Sultan Al Shehri
14%
Al-Riyadh SC CM Tozé
14%
Al Kholood Saudi Club CB William Troost-Ekong
14%
Al-Riyadh SC CB Yoann Barbet
14%
Al-Taawoun CB Andrei Girotto
11%
Al-Khaleej GK Anthony Moris
11%
Al-Ettifaq LB Francisco Calvo
11%
Al-Qadsiah CB Gastón Álvarez
11%
Al Kholood Saudi Club RB Hassan Al Asmari
11%
Al-Riyadh SC CM Ismaila Soro
11%
Al-Fayha FW Jason
11%
Al-Najma CB Jawad El Yamiq
11%
Al-Fateh CB Jorge Filipe Oliveira Fernandes
11%
Al-Fateh AM Mohamed Amine Sbai
11%
Al-Ettifaq AM Mohau Nkota
11%
Al-Taawoun LB Renne Rivas
11%
Al-Riyadh SC RM Teddy Okou
11%
Al-Qadsiah LW Turki Al Ammar
11%
Damac CM Valentín Vada
11%
Al-Qadsiah LB Yasser Al-Shahrani
11%
Al-Fateh DM Zaydou Youssouf
11%
Damac CB Abdelkader Bedrane
8%
Al-Fateh AM Abdullah Al Anazi
8%
Al-Hazem CB Abdullah Al Shanqiti
8%
Al-Ettifaq CB Abdullah Madu
8%
Al-Taawoun GK Abdulquddus Atiah
8%
Al-Hazem CM Aboubacar Bah
8%
Al-Hazem LB Ahmed Al Nakhli
8%
Al-Fayha CM Alfa Semedo
8%
Al Okhdood LB Ali Ayesh Al-Salem
8%
Al-Qadsiah CM Ali Hazazi
8%
Al-Shabab CB Ali Makki
8%
Al-Ettifaq AM Álvaro Medrán
8%
Al-Taawoun DM Aschraf El Mahdioui
8%
Al-Khaleej CB Bart Schenkeveld
8%
Al-Najma FW Bilal Boutobba
8%
Al Okhdood FW Blaž Kramer
8%
Al-Shabab RW Carlos
8%
Al Okhdood LW Christian Bassogog
8%
Al-Najma CM David Tijanić
8%
Al-Najma DM Deybi Flores
8%
Damac LB Dhari Al Anazi
8%
Al-Khaleej CM Dimitrios Kourbelis
8%
Al-Hazem FW Fábio Martins
8%
Al-Shabab CM Faisal Al Subiani
8%
Al-Ettifaq DM Faris Al Ghamdi
8%
Al-Taawoun CM Flávio
8%
Al-Khaleej LW Giorgos Masouras
8%
Al Okhdood CM Gökhan Gül
8%
Al Kholood Saudi Club RW Hattan Bahebri
8%
Al-Shabab GK Heorhiy Bushchan
8%
Damac CB Jamal Harkass
8%
Al Kholood Saudi Club CM John Buckley
8%
Al Kholood Saudi Club GK Juan Cozzani
8%
Al Kholood Saudi Club CM Kévin N'Doram
8%
Damac GK Kewin
8%
Al-Fayha LB Khaled Al Rammah
8%
Al Okhdood CB Koray Günter
8%
Al Kholood Saudi Club FW Majed Khalifa
8%
Al-Fateh LB Majed Mohammed Qasheesh
8%
Al-Khaleej RW Mansor Hamzi
8%
Al-Fateh CB Marwane Saâdane
8%
Al-Shabab RB Mobarak Al Rajeh
8%
Al-Ittihad GK Mohammed Al Absi
8%
Al-Khaleej CB Mohammed Al-Khabrani
8%
Al-Najma LB Mohammed Al Kunaydiri
8%
Al-Taawoun RB Mohammed Mahzari
8%
Al Okhdood RB Naif Asiri
8%
Al-Najma FW Nawaf Al-Hawsawi
8%
Al-Riyadh SC RB Osama Al Bawardi
8%
Al-Khaleej LB Pedro Rebocho
8%
Al Okhdood CM Petros
8%
Al-Ettifaq RB Radi Al Otaibi
8%
Al-Ittihad CB Saad Al Mosa
8%
Al Okhdood CB Saeed Al Rubaie
8%
Al-Fateh RB Saeed Baattia
8%
Al-Najma CB Samir Santos
8%
Al Okhdood GK Samuel Portugal
8%
Al-Riyadh SC LB Sulaiman Hazazi
8%
Al-Shabab CM Vincent Sierro
8%
Al-Taawoun CB Waleed Al Ahmad
8%
Al-Najma GK Waleed Al-Enezi
8%
Damac FW Yahya Naji
8%
Damac FW Yakou Méïte
8%
Al-Fayha CM Yassine Benzia
8%
Al-Hazem FW Yousef Al Shammari
8%
Al-Fayha CB Ziyad Al-Sahafi
8%
Al-Najma CM Abdulelah Al Shamary
5%
Al-Fayha CB Ahmed Bamasud
5%
Al-Fayha CM Ali Al Hussien
5%
Al-Fateh GK Ameen Bokhari
5%
Al-Hazem FW Amir Sayoud
5%
Al-Najma RB Fahad Al Abdulraziq
5%
Al Okhdood FW Juan Pedroza
5%
Damac CM Khaled Al-Sumairi
5%
Al-Hazem DM Loreintz Rosier
5%
Al Okhdood RW Mohamed Nayef
5%
Al-Fayha RB Mohammed Al Baqawi
5%
Al-Riyadh SC CB Mohammed Alkhaibari
5%
Al-Taawoun FW Mohammed Al-Kwikbi
5%
Al Kholood Saudi Club FW Mohammed Somaili
5%
Al-Riyadh SC FW Mohammed Suhluli
5%
Al-Qadsiah RB Mohammed Waheeb
5%
Al-Ittihad RB Muhannad Shenqeeti
5%
Damac FW Nabil Alioui
5%
Al-Ahli LB Saad Yaslam
5%
Al-Khaleej RB Saeed Al Hamsal
5%
Al-Ahli AM Saleh Waheeb
5%
Al-Hazem CB Sultan Tanker
5%
NEOM SC RW Abdulmalek Al Ayiri
3%
Al-Hazem CM Mohammed Essa
3%
NEOM SC CB Mohammed Waleed
3%
Al-Shabab LB Sultan Al Anze
3%
No matching quizzes found
Score Distribution
Percent of People with Each Score
Percentile by Number Answered
Your Score History
You have not taken this quiz